Statistics for Finnish NHL ice hockey players!

Click here to take the quiz!

General Stats

  • This quiz has been taken 2,447 times
    (2,398 since last reset)
  • The average score is 32 of 114

Answer Stats

HintAnswer% Correct
92-96 WPG, 96-01 ANA, 01-03 SJS, 03-04 COL, 05- ANATeemu Selänne
94%
05- MINMikko Koivu
83%
95-09 MON, 09- ANASaku Koivu
83%
80-90 EDM, 91-96 LAK, 96-97 ANA, 97-98 COLJari Kurri
77%
05-08 DAL, 08-09 TBL, 09-13 CAR, 13- PITJussi Jokinen
66%
98-99 LAK, 99-00 NYI, 00-08 FLA, 08-09 PHX, 09-12 CGY, 12-Olli Jokinen
66%
47-48 BOS, 48-51 NYR, 51-53 BOSPentti Lund
65%
07- BOSTuukka Rask
64%
06- NSHPekka Rinne
62%
14- CGYMarkus Granlund
60%
12- MINMikael Granlund
60%
13- FLAAlexander Barkov jr.
58%
85-93 EDM, 93-94 NYR, 95-96 STL, 95-97 VAN, 97-98 WSH, 98-99 NYREsa Tikkanen
57%
95-96 MON, 01-02 NYIMarko Kiprusoff
57%
01-03 SJS, 03-13 CGYMiikka Kiprusoff
57%
08-10 CHI, 10- SJSAntti Niemi
56%
00-06 VAN, 06-08 PIT, 08-11 OTT, 11-12 ANAJarkko Ruutu
53%
95-10 DALJere Lehtinen
53%
03-08 CHI, 08-14 CAR, 14- NJDTuomo Ruutu
52%
98-07 NSH, 07- PHIKimmo Timonen
51%
88-96 WPG, 96-03 PHX, 03-04 DAL, 05-09 BUFTeppo Numminen
50%
98-02 OTT, 02-12 VAN, 12- TBLSami Salo
49%
06-13 DET, 13- TBLValtteri Filppula
49%
04-10 Trashers, 10- DALKari Lehtonen
47%
02-06 DAL, 06-07 Trashers, 07-08 PHXNiko Kapanen
45%
95-97 Whalers, 97-03 CAR, 03-08 PHXSami Kapanen
45%
00-02 COL, 02-03 PIT, 03-04 CHI, 05-06 NUR, 05-07 SJSVille Nieminen
42%
95-01 LAK, 01-06 TORAki-Petteri Berg
41%
95-97 SJS, 98-01 NSH, 06-09 FLAVille Peltonen
39%
13- ANASami Vatanen
38%
06- MINNiklas Bäckström
37%
81-86 NYR, 86-87 EDM, 89-90 NJDReijo Ruotsalainen
37%
76-78 BOS, 80-82 EDMMatti Hagman
36%
01-05 FLA, 05-08 DAL, 08-10 TOR, 10-11 CGY, 11-12 ANANiklas Hagman
36%
86-92 BUF, 92-95 CHI, 95-96 VANChristian Ruuttu
34%
88-90 MTL, 90-98 VAN, 98-01 PHX, 01-03 TORJyrki Lumme
34%
13- PITOlli Määttä
34%
13- CHIAntti Raanta
31%
13- MINErik Haula
31%
97-99 DAL, 99-01 MONJuha Lind
31%
98-00 ANAAntti Aalto
30%
08-09 NYR, 09- PHXLauri Korpikoski
30%
08-10 DET, 10-11 PHI, 11- BUFVille Leino
30%
01-04 Atlanta TrashersPasi Nurminen
29%
85-86 NYR, 86-87 North Stars, 88-89 NYIRaimo Helminen
29%
07-10 NYI, 10-11 TBL, 11- FLASean Bergenheim
29%
00-01 CBJ, 06-08 MINPetteri Nummelin
28%
96-98 PHI, 98-03 EDM, 03-06 NYI, 06-07 MONJanne Niinimaa
27%
00-04 CGY, 05-10 BUF,10-13 ANAToni Lydman
27%
82-86 BUFHannu Virta
24%
99-01 LAK, 01-02 NSHJere Karalahti
24%
02-07 SJS, 07-10 TOR, 10 ANA, 10 CGYVesa Toskala
24%
07-09 TBL, 13- CGYKarri Rämö
23%
00-04 PHX, 04-07 COL, 08-09 PHI, 09-10 VANOssi Väänänen
23%
89-91 North Stars, 91-92 SJSJarmo Myllys
22%
03-07 PHI, 07-08 EDM, 08 CARJoni Pitkänen
22%
04-08 DAL, 08-11 MIN, 11-13 WPGAntti Miettinen
21%
00-02 Atlanta TrashersTomi Kallio
21%
88-90 Quebec NordiquesIiro Järvi
20%
89-90 NJD, 92-93 NJDJanne Ojanen
20%
09-13 NYI, 13- EDMJesse Joensuu
19%
04-07 CHI, 07-09 PHILasse Kukkonen
19%
04-09 PHI, 09-10 TBL, 10-11 SJSAntero Niittymäki
18%
84-87 EDM, 87-88 VANRaimo Summanen
18%
97-01 PHX, 01-02 TBL, 02-03 OTTJuha Ylönen
17%
85-89 NYI, 89-90 LAK, 90-91 BUF, 95-96 BOSMikko Mäkelä
17%
84-90 VAN, 90-91 BOS, 91-92 WPG, 92-93 SJSPetri Skriko
17%
09-12 NSHTeemu Laakso
17%
06-08 CBJFredrik Norrena
16%
08-09 WSH, 09-11 CBJ,11-12 CHISami Lepistö
16%
08-09 NJD, 09-10 ATL, 10-11 NJDAnssi Salmela
15%
98-00 BOS, 00-04 MIN, 05-07 COLAntti Laaksonen
15%
00-02 OTT, 02-03 FLAJani Hurme
15%
14- CGYJoni Ortio
15%
01-03 EDM, 03-04 NYR, 05-07 EDMJussi Markkanen
15%
81-87 CGYKari Eloranta
15%
82-83 CGY, 83-84 EDMKari Jalonen
15%
99-01 BOS, 01-03 LAKMikko Eloranta
15%
05-06 NYI, 07-09 BOS, 09-10 ANA, 10-11 PHX, 11-12 MONPetteri Nokelainen
15%
99-00 COL, 00-02 DAL, 02-03 CHISami Helenius
15%
81-90 PHI, 90-91 North Stars, 91-92 LAKIlkka Sinisalo
14%
95-00 OTT, 00-02 PIT, 02-03 TBLJanne Laukkanen
14%
11-13 EDMLennart Petrell
14%
99-01 PHXMika Alatalo
14%
01-04 COLRiku Hahl
13%
79-82 EDM, 82-86 Whalers, 86-87 NordiquesRisto Siltanen
13%
11-13 EDMTeemu Hartikainen
13%
86-91 North Stars, 91-92 VANKari Takko
12%
01-06 BUF, 05-06 VANMika Noronen
12%
79-80 Atlanta Flames, 80-82 CGYPekka Rautakallio
12%
89-91 BOS, 93-94 OTTJarmo Kekäläinen
10%
09-10 PHIMika Pyörälä
10%
02-05 EDM, 05-06 PITJani Rita
9%
02-04 CBJ, 04-05 PITLasse Pirjetä
9%
81-84 NYRMikko Leinonen
9%
01-02 SJS, 02-03 CBJHannes Hyvönen
8%
05-07 BOS, 07-08 STLHannu Toivonen
8%
00-02 BOSLasse Kultanen
8%
81-85 WSH, 86-87 NJDTimo Blomqvist
8%
04-05 EDM, 06-07 CHITony Salmelainen
8%
96-97 CHI, 97-98 PITTuomas Grönman
8%
94-96 CGYVesa Viitakoski
8%
95-96 EDM, 99-01 LAK, 02-03 NYIMarko Tuomainen
7%
07-09 NSH, 09-10 FLAVille Koistinen
7%
85-88 NYIAri Haanpää
6%
81-82 Colorado Rockies, 82-83 NJDTapio Levo
6%
04-07 NJDTuomas Pihlman
6%
85-88 PIT, 88-90 North StarsVille Siren
6%
86-89 WPGHannu Järvenpää
5%
86-87 North Stars, 87-88 NYR, 88-90 Nordiques, 90-91 NYIJari Grönstrand
5%
79-81 WPG, 82-84 LAKMarkus Mattsson
5%
03-04 ATL, 06-07 VANTommi Santala
5%
81-82 Colorado Rockies, 82-83 NJDJukka Porvari
3%
03-06 NYITomi Pettinen
3%

Score Distribution

Percentile by Number Answered

Percent of People with Each Score

Your Score History

You have not taken this quiz since the last reset